<?xml version="1.0" encoding="UTF-8"?>
<record
    xmlns:xsi="http://www.w3.org/2001/XMLSchema-instance"
    xsi:schemaLocation="http://www.loc.gov/MARC21/slim http://www.loc.gov/standards/marcxml/schema/MARC21slim.xsd"
    xmlns="http://www.loc.gov/MARC21/slim">

  <leader>00594    a2200205   4500</leader>
  <controlfield tag="003">3228</controlfield>
  <controlfield tag="005">20260401110001.0</controlfield>
  <controlfield tag="008">260331b        sa ||||| |||| 00| 0 eng d</controlfield>
  <datafield tag="020" ind1=" " ind2=" ">
    <subfield code="a">9780439016773 (paperback)</subfield>
  </datafield>
  <datafield tag="040" ind1=" " ind2=" ">
    <subfield code="a">MPL</subfield>
    <subfield code="b">English</subfield>
    <subfield code="c">3228</subfield>
  </datafield>
  <datafield tag="082" ind1=" " ind2=" ">
    <subfield code="a">J 530 BURT</subfield>
  </datafield>
  <datafield tag="100" ind1=" " ind2=" ">
    <subfield code="a">Burton, N</subfield>
  </datafield>
  <datafield tag="245" ind1=" " ind2=" ">
    <subfield code="a">Pocket guides to the primary curriculum: Physical Processes /</subfield>
    <subfield code="c">Neil, Burton</subfield>
  </datafield>
  <datafield tag="260" ind1=" " ind2=" ">
    <subfield code="a">Warwickshire:</subfield>
    <subfield code="b">Scholastic Ltd,</subfield>
    <subfield code="c">2000.</subfield>
  </datafield>
  <datafield tag="300" ind1=" " ind2=" ">
    <subfield code="a">160 Pages;</subfield>
    <subfield code="b">Illustrations,</subfield>
    <subfield code="c">21.5 cm.</subfield>
  </datafield>
  <datafield tag="500" ind1=" " ind2=" ">
    <subfield code="a">Includes index</subfield>
  </datafield>
  <datafield tag="521" ind1=" " ind2=" ">
    <subfield code="a">Junior</subfield>
  </datafield>
  <datafield tag="630" ind1=" " ind2=" ">
    <subfield code="v">500: science</subfield>
  </datafield>
  <datafield tag="942" ind1=" " ind2=" ">
    <subfield code="2">ddc</subfield>
    <subfield code="c">BOOK</subfield>
    <subfield code="y">162</subfield>
    <subfield code="z">Elsie Maluleke</subfield>
  </datafield>
  <datafield tag="999" ind1=" " ind2=" ">
    <subfield code="c">759190</subfield>
    <subfield code="d">759189</subfield>
  </datafield>
  <datafield tag="952" ind1=" " ind2=" ">
    <subfield code="0">0</subfield>
    <subfield code="1">0</subfield>
    <subfield code="4">0</subfield>
    <subfield code="7">0</subfield>
    <subfield code="a">SAKHL</subfield>
    <subfield code="b">SAKHL</subfield>
    <subfield code="c">Non_Fiction</subfield>
    <subfield code="d">2023-10-23</subfield>
    <subfield code="l">0</subfield>
    <subfield code="o">530 BURT</subfield>
    <subfield code="p">33228031160763</subfield>
    <subfield code="r">2023-10-23</subfield>
    <subfield code="w">2023-10-23</subfield>
    <subfield code="y">BOOK</subfield>
  </datafield>
  <datafield tag="952" ind1=" " ind2=" ">
    <subfield code="0">0</subfield>
    <subfield code="1">0</subfield>
    <subfield code="4">0</subfield>
    <subfield code="7">0</subfield>
    <subfield code="a">SABIL</subfield>
    <subfield code="b">SABIL</subfield>
    <subfield code="c">Non_Fiction</subfield>
    <subfield code="d">2024-10-10</subfield>
    <subfield code="l">0</subfield>
    <subfield code="o">J 530 BURT</subfield>
    <subfield code="p">33228024716464</subfield>
    <subfield code="r">2024-10-10</subfield>
    <subfield code="w">2024-10-10</subfield>
  </datafield>
  <datafield tag="952" ind1=" " ind2=" ">
    <subfield code="0">0</subfield>
    <subfield code="1">0</subfield>
    <subfield code="2">ddc</subfield>
    <subfield code="4">0</subfield>
    <subfield code="7">0</subfield>
    <subfield code="a">LYDEL</subfield>
    <subfield code="b">GRASL</subfield>
    <subfield code="d">2026-04-01</subfield>
    <subfield code="l">0</subfield>
    <subfield code="o">J 530 BURT</subfield>
    <subfield code="p">33228031026931</subfield>
    <subfield code="r">2026-04-01</subfield>
    <subfield code="w">2026-04-01</subfield>
    <subfield code="y">BOOK</subfield>
  </datafield>
</record>
